[Event "Wch U20 54th"]
[Site "Khanty-Mansiysk"]
[Date "2015.09.14"]
[Round "12"]
[White "Lootens, Matthias"]
[Black "El Fazari, Mohamed Amin"]
[Result "1-0"]
[WhiteElo "1935"]
[BlackElo "1832"]
[PlyCount "37"]
[EventDate "2015.09.02"]
[EventType "swiss"]
[EventRounds "13"]
[EventCountry "RUS"]
[SourceTitle "EXT 2016"]
[Source "ChessBase"]
[SourceDate "2015.10.08"]
[SourceVersion "1"]
[SourceVersionDate "2015.10.08"]
[SourceQuality "1"]

1. e4 e6 2. d3 d5 3. Be2 Nc6 4. f4 Nf6 5. e5 Nd7 6. Nf3 Be7 7. 0-0 0-0 8. c3 f6 9. d4 fxe5 10. fxe5 Nb6 11. Bd3 Bd7 12. Qc2 h6 13. Qf2 g5 14. Qg3 Qe8 15. Qh3 Kg7 16. Nxg5 Rxf1+ 17. Kxf1 Bxg5 18. Bxg5 Qf7+ 19. Bf6+ 1-0

[Event "Wch U20 54th"]
[Site "Khanty-Mansiysk"]
[Date "2015.09.04"]
[Round "3"]
[White "Lootens, Matthias"]
[Black "Megalios, Konstantinos"]
[Result "1/2-1/2"]
[WhiteElo "1935"]
[BlackElo "2242"]
[PlyCount "65"]
[EventDate "2015.09.02"]
[EventType "swiss"]
[EventRounds "13"]
[EventCountry "RUS"]
[SourceTitle "EXT 2016"]
[Source "ChessBase"]
[SourceDate "2015.10.08"]
[SourceVersion "1"]
[SourceVersionDate "2015.10.08"]
[SourceQuality "1"]

1. e4 c5 2. Be2 Nc6 3. f4 g6 4. Nf3 Bg7 5. d3 e6 6. c3 d5 7. 0-0 Nge7 8. Na3 0-0 9. Qe1 Rb8 10. Qh4 b5 11. Nc2 a5 12. f5 exf5 13. e5 Nxe5 14. Bf4 f6 15. Qg3 g5 16. Nxg5 fxg5 17. Bxe5 Bxe5 18. Qxe5 Rb6 19. Qe3 f4 20. Qxc5 g4 21. Qd4 Rbf6 22. Ne1 Nc6 23. Qf2 Ne5 24. Qh4 f3 25. Qg5+ Kh8 26. Qxe5 Re8 27. Qg3 Rxe2 28. Rf2 Qe7 29. Nc2 Rxf2 30. Qxf2 fxg2 31. Qxg2 Re6 32. Rf1 Re2 33. Rf2 1/2-1/2

[Event "BEL-ch U20"]
[Site "Blankenberge"]
[Date "2015.04.17"]
[Round "8"]
[White "Demey, Robbe"]
[Black "Lootens, Matthias"]
[Result "0-1"]
[WhiteElo "1799"]
[BlackElo "1916"]
[PlyCount "58"]
[EventDate "2015.04.12"]
[EventType "tourn"]
[EventRounds "9"]
[EventCountry "BEL"]
[SourceTitle "CBM 166 Extra"]
[Source "ChessBase"]
[SourceDate "2015.06.18"]
[SourceVersion "1"]
[SourceVersionDate "2015.06.18"]
[SourceQuality "1"]

1. d4 Nf6 2. Nf3 g6 3. Bf4 Bg7 4. Nc3 d6 5. Qd2 0-0 6. Bh6 c5 7. d5 e5 8. dxe6 fxe6 9. Bxg7 Kxg7 10. e3 a6 11. Be2 b5 12. 0-0 Nc6 13. a4 b4 14. Na2 d5 15. Rfd1 Ne4 16. Qe1 Qf6 17. c3 b3 18. Nc1 c4 19. Nd4 Nxf2 20. Nxc6 Qg5 21. Qxf2 Rxf2 22. Kxf2 Qf5+ 23. Ke1 Qe4 24. Bf3 Qxe3+ 25. Ne2 Bd7 26. Nb4 a5 27. Nxd5 exd5 28. Bxd5 Bg4 29. Bxc4 Bxe2 0-1

[Event "BEL-ch U20"]
[Site "Blankenberge"]
[Date "2015.04.15"]
[Round "5"]
[White "Lootens, Matthias"]
[Black "Harutyunyan, Axel"]
[Result "1-0"]
[WhiteElo "1916"]
[BlackElo "1829"]
[PlyCount "55"]
[EventDate "2015.04.12"]
[EventType "tourn"]
[EventRounds "9"]
[EventCountry "BEL"]
[SourceTitle "CBM 166 Extra"]
[Source "ChessBase"]
[SourceDate "2015.06.18"]
[SourceVersion "1"]
[SourceVersionDate "2015.06.18"]
[SourceQuality "1"]

1. e4 c5 2. Nc3 a6 3. a4 Nc6 4. Bc4 e6 5. d3 Nge7 6. Nf3 g6 7. 0-0 Bg7 8. Ba2 0-0 9. Ne2 d5 10. c3 b5 11. Qc2 dxe4 12. dxe4 Qc7 13. Rd1 Bb7 14. Be3 Ne5 15. Nxe5 Qxe5 16. Ng3 Rfd8 17. Rxd8+ Rxd8 18. Rd1 Rxd1+ 19. Qxd1 Qc7 20. axb5 axb5 21. Qb3 Qc6 22. Qa3 Be5 23. Qxc5 Bxg3 24. hxg3 Qxe4 25. f3 Qd3 26. Bh6 Qd1+ 27. Kh2 Qd7 28. g4 1-0

[Event "BEL-ch U20"]
[Site "Blankenberge"]
[Date "2015.04.12"]
[Round "1"]
[White "Lootens, Matthias"]
[Black "Barbier, Astrid"]
[Result "0-1"]
[WhiteElo "1916"]
[BlackElo "1800"]
[PlyCount "68"]
[EventDate "2015.04.12"]
[EventType "tourn"]
[EventRounds "9"]
[EventCountry "BEL"]
[SourceTitle "CBM 166 Extra"]
[Source "ChessBase"]
[SourceDate "2015.06.18"]
[SourceVersion "1"]
[SourceVersionDate "2015.06.18"]
[SourceQuality "1"]

1. Nf3 b6 2. g3 Bb7 3. Bg2 e6 4. d3 Nf6 5. 0-0 Be7 6. Nc3 d5 7. Nd2 0-0 8. e4 Nbd7 9. f4 dxe4 10. Ncxe4 Nxe4 11. Nxe4 Rb8 12. Qe2 Nf6 13. Bd2 Nxe4 14. Bxe4 Qd4+ 15. Kh1 Bxe4+ 16. Qxe4 Qxb2 17. Qc4 Bf6 18. Rac1 b5 19. Qxc7 Qxa2 20. Be3 Qd5+ 21. Kg1 Bd4 22. Bxd4 Qxd4+ 23. Rf2 Rbc8 24. Qa5 Qb2 25. Qa1 Qxa1 26. Rxa1 Rc7 27. Rb1 a6 28. Rb2 Rfc8 29. Kf1 Kf8 30. Ke1 Ke7 31. Kd2 Kd6 32. Ra2 Kd5 33. Rf1 Rc6 34. h3 R8c7 0-1

[Event "BEL-ch U20"]
[Site "Blankenberge"]
[Date "2014.04.14"]
[Round "3"]
[White "Demey, Robbe"]
[Black "Lootens, Matthias"]
[Result "1/2-1/2"]
[WhiteElo "1766"]
[BlackElo "1892"]
[PlyCount "25"]
[EventDate "2014.04.??"]
[EventType "swiss"]
[EventRounds "9"]
[EventCountry "BEL"]
[SourceTitle "EXT 2015"]
[Source "ChessBase"]
[SourceDate "2014.11.20"]
[SourceVersion "1"]
[SourceVersionDate "2014.11.20"]
[SourceQuality "1"]

1. d4 Nf6 2. Bf4 g6 3. Nc3 Bg7 4. Qd2 d6 5. 0-0-0 a6 6. e4 b5 7. a3 Bb7 8. f3 h5 9. Nh3 Nfd7 10. e5 Nf8 11. exd6 cxd6 12. Ng5 Nbd7 13. Qe2 1/2-1/2

[Event "BEL-ch op"]
[Site "Lommel"]
[Date "2012.07.03"]
[Round "4"]
[White "Engelaer, Maurice"]
[Black "Lootens, Matthias"]
[Result "0-1"]
[WhiteElo "1996"]
[BlackElo "1807"]
[PlyCount "54"]
[EventDate "2012.06.30"]
[EventType "swiss"]
[EventRounds "9"]
[EventCountry "BEL"]
[SourceTitle "EXT 2013"]
[Source "ChessBase"]
[SourceDate "2012.11.22"]
[SourceVersion "1"]
[SourceVersionDate "2012.11.22"]
[SourceQuality "1"]

1. e4 c5 2. Nc3 d6 3. f4 Nc6 4. Nf3 Nf6 5. Bc4 Bg4 6. h3 Bxf3 7. Qxf3 Nd4 8. Qd1 e6 9. 0-0 a6 10. d3 b5 11. Bb3 d5 12. Be3 Nxb3 13. axb3 d4 14. e5 Nd7 15. Bd2 dxc3 16. bxc3 Be7 17. Qf3 0-0 18. Rae1 Qb6 19. f5 exf5 20. Qxf5 Qe6 21. Qh5 Qg6 22. Qf3 Rae8 23. Re4 Bg5 24. Bxg5 Qxg5 25. d4 b4 26. Rg4 Qh6 27. cxb4 cxd4 0-1

[Event "BEL-ch op"]
[Site "Lommel"]
[Date "2012.07.02"]
[Round "3"]
[White "Lootens, Matthias"]
[Black "De Bock, Lennart"]
[Result "1-0"]
[WhiteElo "1807"]
[BlackElo "2072"]
[PlyCount "89"]
[EventDate "2012.06.30"]
[EventType "swiss"]
[EventRounds "9"]
[EventCountry "BEL"]
[SourceTitle "EXT 2013"]
[Source "ChessBase"]
[SourceDate "2012.11.22"]
[SourceVersion "1"]
[SourceVersionDate "2012.11.22"]
[SourceQuality "1"]

1. e4 c5 2. Nf3 a6 3. d4 cxd4 4. Nxd4 Nf6 5. Nc3 e5 6. Nb3 Bb4 7. Bg5 h6 8. Bxf6 Bxc3+ 9. bxc3 Qxf6 10. Na5 b5 11. Qd5 Nc6 12. Rd1 Qe6 13. Nxc6 Qxd5 14. Rxd5 dxc6 15. Rxe5+ Kd8 16. Be2 f6 17. Rc5 Kc7 18. e5 Kb6 19. Rxc6+ Kxc6 20. Bf3+ Kc5 21. Bxa8 Be6 22. Bb7 Bxa2 23. exf6 gxf6 24. Kd2 Bd5 25. Bxd5 Kxd5 26. Re1 Rd8 27. Kc1 Rg8 28. g3 f5 29. f4 Rf8 30. Re7 Rf6 31. Kb2 Re6 32. Rf7 Ke4 33. Kb3 Rc6 34. Re7+ Kf3 35. Rf7 Kg4 36. Rf8 Rg6 37. c4 bxc4+ 38. Kxc4 h5 39. Kd4 h4 40. Ke5 Rc6 41. Rg8+ Kh3 42. Kxf5 Kxh2 43. gxh4 Kh3 44. h5 Kh4 45. Rg2 1-0

[Event "BEL-ch op"]
[Site "Westerlo"]
[Date "2010.07.07"]
[Round "5"]
[White "Lootens, Matthias"]
[Black "Peleman, Tony"]
[Result "0-1"]
[WhiteElo "1676"]
[BlackElo "2075"]
[PlyCount "152"]
[EventDate "2010.07.03"]
[EventType "swiss"]
[EventRounds "9"]
[EventCountry "BEL"]
[SourceTitle "CBM 137 Extra"]
[Source "ChessBase"]
[SourceDate "2010.09.01"]
[SourceVersion "1"]
[SourceVersionDate "2010.09.01"]
[SourceQuality "1"]

1. e4 c5 2. Nf3 d6 3. d4 cxd4 4. Nxd4 Nf6 5. Nc3 a6 6. a4 Nc6 7. Be3 Ng4 8. Bc1 Qb6 9. Be3 Nxe3 10. fxe3 e6 11. Qd2 Bd7 12. Be2 Be7 13. 0-0 0-0 14. Bg4 Ne5 15. Be2 Rac8 16. Nb3 Bg5 17. Nd1 Rfd8 18. a5 Qc7 19. Nc3 Bc6 20. Nd4 Be8 21. Rf2 Nc4 22. Bxc4 Qxc4 23. Raf1 Be7 24. Qd1 Rc5 25. Nb3 Rg5 26. Qd4 Qc6 27. Qd3 Qc7 28. Qd2 b5 29. axb6 Qxb6 30. Qd4 Rb8 31. Nd1 Re5 32. Nd2 Qc7 33. c4 Rb4 34. Qd3 f6 35. b3 Bc6 36. Nc3 Qb7 37. Rb1 d5 38. exd5 exd5 39. Rc1 dxc4 40. bxc4 Bc5 41. Re1 Qe7 42. Rfe2 Rb8 43. Nf1 Rd8 44. Qc2 Qe6 45. Qb3 Rd3 46. Qb8+ Kf7 47. Qc7+ Kg6 48. Nd1 Rd7 49. Qa5 Qxc4 50. Nb2 Qb5 51. Qa2 Bb4 52. Nc4 Rg5 53. Rb1 Be4 54. Rbb2 a5 55. Nfd2 Bd3 56. Rf2 Qc5 57. h3 Rc7 58. Nf3 Qxc4 59. Nxg5 Qxa2 60. Rxa2 Kxg5 61. Ra1 h5 62. Rd1 Be4 63. Rf4 f5 64. g4 hxg4 65. hxg4 g6 66. gxf5 gxf5 67. Rd8 Rc2 68. Rg8+ Kf6 69. Re8 Be7 70. Rh8 Bc5 71. Kf1 Bxe3 72. Rf8+ Kg5 73. Rxe4 fxe4 74. Re8 Kf4 75. Rf8+ Kg3 76. Rg8+ Kf3 0-1

[Event "Enschede op-C U14"]
[Site "Enschede"]
[Date "2009.08.05"]
[Round "5"]
[White "Van Meegen, Ruud"]
[Black "Lootens, Matthias"]
[Result "0-1"]
[WhiteElo "1875"]
[BlackElo "1568"]
[PlyCount "80"]
[EventDate "2009.08.03"]
[EventType "swiss"]
[EventRounds "7"]
[EventCountry "NED"]
[SourceTitle "CBM 132 Extra"]
[Source "ChessBase"]
[SourceDate "2009.11.03"]
[SourceVersion "1"]
[SourceVersionDate "2009.11.03"]
[SourceQuality "1"]

1. e4 c5 2. Nf3 Nc6 3. d4 cxd4 4. Nxd4 g6 5. Be3 Bg7 6. Nc3 Nf6 7. f4 d6 8. Be2 0-0 9. Qd2 Bd7 10. h3 Rc8 11. g4 Nxd4 12. Bxd4 Bc6 13. Bf3 Qc7 14. g5 Nd7 15. Bxg7 Kxg7 16. Qe3 Qb6 17. Qxb6 Nxb6 18. 0-0-0 f5 19. Rhf1 fxe4 20. Bxe4 Bxe4 21. Nxe4 Rc4 22. Nd2 Rcxf4 23. Rxf4 Rxf4 24. Re1 e5 25. Ne4 d5 26. Nd6 e4 27. Re3 Kf8 28. b3 Ke7 29. Nxb7 d4 30. Re1 Nd7 31. Na5 Ne5 32. a4 e3 33. b4 Rf3 34. Kd1 Rxh3 35. b5 Rh2 36. c3 Rd2+ 37. Kc1 Nd3+ 38. Kb1 Nxe1 39. cxd4 Nd3 40. Nc6+ Ke8 0-1

[Event "Enschede op-C U14"]
[Site "Enschede"]
[Date "2009.08.05"]
[Round "4"]
[White "Vastenhout, Raimond"]
[Black "Lootens, Matthias"]
[Result "0-1"]
[WhiteElo "1602"]
[BlackElo "1568"]
[PlyCount "108"]
[EventDate "2009.08.03"]
[EventType "swiss"]
[EventRounds "7"]
[EventCountry "NED"]
[SourceTitle "CBM 132 Extra"]
[Source "ChessBase"]
[SourceDate "2009.11.03"]
[SourceVersion "1"]
[SourceVersionDate "2009.11.03"]
[SourceQuality "1"]

1. e4 c5 2. Nf3 Nc6 3. Bb5 g6 4. c3 Bg7 5. d4 cxd4 6. cxd4 a6 7. Bxc6 bxc6 8. 0-0 Nf6 9. Nc3 0-0 10. Be3 d6 11. Qd2 Nd7 12. Bh6 Nf6 13. Bxg7 Kxg7 14. d5 c5 15. e5 Bg4 16. Ne1 dxe5 17. Nd3 Qd6 18. Ne4 Qxd5 19. Nexc5 Rfd8 20. f3 Qxc5+ 21. Nxc5 Rxd2 22. fxg4 Rc8 23. b4 Nd5 24. Nb3 Rb2 25. Rf2 Rxf2 26. Kxf2 Nxb4 27. a3 Rc2+ 28. Kf3 Rc3+ 29. Ke4 Rxb3 30. axb4 Rxb4+ 31. Kxe5 Rxg4 32. g3 Rg5+ 33. Kf4 Rf5+ 34. Ke4 a5 35. g4 Rb5 36. Kf3 f5 37. g5 e5 38. h4 Kf7 39. Rc1 e4+ 40. Kf4 Ke6 41. Rc8 a4 42. Re8+ Kd5 43. Rd8+ Kc4 44. Rd7 a3 45. Rxh7 a2 46. Ra7 Kb3 47. h5 Kb2 48. hxg6 a1Q 49. Rxa1 Kxa1 50. g7 Rb8 51. Kxf5 e3 52. Kg6 e2 53. Kh7 e1Q 54. g8Q Qh4+ 0-1

[Event "Enschede op-C U14"]
[Site "Enschede"]
[Date "2009.08.04"]
[Round "2"]
[White "Vos, Tjark"]
[Black "Lootens, Matthias"]
[Result "1-0"]
[WhiteElo "1790"]
[BlackElo "1568"]
[PlyCount "87"]
[EventDate "2009.08.03"]
[EventType "swiss"]
[EventRounds "7"]
[EventCountry "NED"]
[SourceTitle "CBM 132 Extra"]
[Source "ChessBase"]
[SourceDate "2009.11.03"]
[SourceVersion "1"]
[SourceVersionDate "2009.11.03"]
[SourceQuality "1"]

1. e4 c5 2. Nf3 Nc6 3. d4 cxd4 4. Nxd4 g6 5. Be3 Bg7 6. c4 d6 7. Nc3 Nf6 8. Be2 0-0 9. 0-0 Bd7 10. f4 e6 11. Ndb5 d5 12. cxd5 exd5 13. e5 Qe7 14. Kh1 Ne4 15. Nxd5 Qh4 16. Qe1 Qxe1 17. Rfxe1 b6 18. Bf3 f5 19. Bxe4 fxe4 20. Nd6 Bf5 21. Rac1 Nxe5 22. fxe5 Bxe5 23. Nc4 Bg7 24. b3 Rad8 25. Rcd1 Bg4 26. Ne7+ Kh8 27. Rxd8 Rxd8 28. h3 Be6 29. Bg5 Bxc4 30. bxc4 Rd4 31. Rc1 Rd7 32. Nd5 h6 33. Be3 Rd8 34. Nf4 g5 35. Ne6 Rd3 36. Nxg7 Kxg7 37. c5 bxc5 38. Bxc5 Kf6 39. Bxa7 Ke5 40. Rc2 Ra3 41. Bf2 e3 42. Re2 Kd4 43. Rxe3 Rxa2 44. Re2+ 1-0

[Event "Twente Young Master op-D"]
[Site "Twente"]
[Date "2007.08.07"]
[Round "3"]
[White "Lootens, Matthias"]
[Black "Schippers, Philippe"]
[Result "0-1"]
[WhiteElo "1398"]
[BlackElo "1683"]
[PlyCount "110"]
[EventDate "2007.08.06"]
[EventType "swiss"]
[EventRounds "13"]
[EventCountry "NED"]
[SourceTitle "EXT 2008"]
[Source "ChessBase"]
[SourceDate "2007.11.25"]
[SourceVersion "1"]
[SourceVersionDate "2007.11.25"]
[SourceQuality "1"]

1. e4 c5 2. Nf3 Nc6 3. c3 d5 4. e5 Bf5 5. d4 e6 6. Bd3 Bg4 7. Be2 c4 8. Bf4 Nge7 9. Nbd2 Ng6 10. Be3 Be7 11. h3 Bxf3 12. Nxf3 0-0 13. b3 b5 14. 0-0 Qc7 15. a4 a6 16. b4 Rab8 17. a5 f6 18. exf6 Bxf6 19. Nh2 Rbe8 20. f4 Bh4 21. Bh5 Nce7 22. Ng4 Rd8 23. Bxg6 Nxg6 24. Ne5 Nxe5 25. dxe5 Qf7 26. Qg4 Be7 27. Rf3 g6 28. Raf1 Kh8 29. Qg3 d4 30. Bxd4 Rxd4 31. cxd4 Bxb4 32. Ra1 Qa7 33. Qf2 Rd8 34. Rd1 Bxa5 35. Qh4 Rf8 36. Rg3 Kg7 37. Qg4 Rf5 38. Kh2 Qf7 39. Rf3 c3 40. Ra1 c2 41. Rff1 Bd2 42. Qe2 Bxf4+ 43. Kh1 Qc7 44. Qe1 b4 45. g3 Bxg3 46. Qd2 b3 47. d5 b2 48. Rae1 Bxe1 49. Rxe1 c1Q 50. Rxc1 bxc1Q+ 51. Qxc1 Qxc1+ 52. Kg2 Qf1+ 53. Kh2 Rf3 54. dxe6 Qxh3+ 55. Kg1 Rf1# 0-1

[Event "Twente Young Master op-D"]
[Site "Twente"]
[Date "2007.08.06"]
[Round "1"]
[White "Lootens, Matthias"]
[Black "Ingelaere, Tijl"]
[Result "1-0"]
[WhiteElo "1398"]
[BlackElo "793"]
[PlyCount "98"]
[EventDate "2007.08.06"]
[EventType "swiss"]
[EventRounds "13"]
[EventCountry "NED"]
[SourceTitle "EXT 2008"]
[Source "ChessBase"]
[SourceDate "2007.11.25"]
[SourceVersion "1"]
[SourceVersionDate "2007.11.25"]
[SourceQuality "1"]

1. e4 e6 2. d4 d5 3. exd5 exd5 4. Bf4 Nc6 5. g3 Nf6 6. Nc3 a6 7. Bg2 Bb4 8. Nge2 0-0 9. 0-0 Bf5 10. a3 Ba5 11. Na4 Ne4 12. f3 Nf6 13. g4 Bg6 14. c3 b5 15. Nc5 Bb6 16. Nd3 Re8 17. Qd2 Qe7 18. Rae1 Rad8 19. Bg3 Qe3+ 20. Qxe3 Rxe3 21. Nef4 Ree8 22. Nxg6 fxg6 23. Nf4 Rxe1 24. Rxe1 Re8 25. Rxe8+ Nxe8 26. Nxd5 Kf7 27. f4 Ne7 28. Nxe7 Kxe7 29. Bb7 a5 30. Kf2 a4 31. Ke3 Kd7 32. Be4 Nd6 33. Bd3 Ke6 34. f5+ gxf5 35. Bxd6 Kxd6 36. gxf5 Kd5 37. Bxb5 c6 38. Bxa4 c5 39. Bb3+ c4 40. Bc2 Bc7 41. f6 gxf6 42. Bxh7 Bxh2 43. Bg8+ Kc6 44. Bxc4 f5 45. Bd3 f4+ 46. Ke4 Kd6 47. c4 f3 48. Kxf3 Bg1 49. Ke4 Bf2 1-0